| 000 | 00832nam a2200241Ia 4500 | ||
|---|---|---|---|
| 003 | OSt | ||
| 005 | 20220923220826.0 | ||
| 006 | a|||||r|||| 00| 0 | ||
| 007 | ta | ||
| 008 | 220922b |||||||| |||| 00| 0 hin d | ||
| 024 | _a191,024 | ||
| 037 | _cTextual | ||
| 040 |
_aARTS _cARTS _bhin |
||
| 041 |
_2hin _ahin |
||
| 082 | _aR66xI40:1, 152G6 | ||
| 100 | _aप्रकाशनन्द | ||
| 245 | 0 | _aवेदान्त सिद्धान्त मुक्तावली भाष्यानुवाद सहित | |
| 246 | _aVedānta siddhānta muktāvalī bhāṣhyānuvād sahita | ||
| 260 | _c1936 | ||
| 490 | _aअच्युत ग्रंथमाला ख विभाग; 7 | ||
| 942 |
_hR66xI40:1, 152G6 _cTEXL _2CC |
||
| 999 |
_c343745 _d343745 |
||